<?xml version="1.0" encoding="UTF-8"?>
<collection xmlns="http://www.loc.gov/MARC21/slim">
 <record>
  <leader>02559cam#a22002895a 4500</leader>
  <controlfield tag="001">NCT_2118</controlfield>
  <controlfield tag="008">171003b        xxu||||| |||| 00| 0 vie d</controlfield>
  <datafield tag="999" ind1=" " ind2=" ">
   <subfield code="c">114</subfield>
   <subfield code="d">114</subfield>
  </datafield>
  <datafield tag="020" ind1=" " ind2=" ">
   <subfield code="c">68000</subfield>
  </datafield>
  <datafield tag="082" ind1="0" ind2="4">
   <subfield code="2">23rd ed.</subfield>
   <subfield code="a">332.63 </subfield>
   <subfield code="b">Kh103</subfield>
  </datafield>
  <datafield tag="100" ind1="1" ind2=" ">
   <subfield code="a">Trần Tiến Khai</subfield>
  </datafield>
  <datafield tag="245" ind1="1" ind2="0">
   <subfield code="a">Nguyên lý bất động sản </subfield>
   <subfield code="c">Trần Tiến Khai</subfield>
  </datafield>
  <datafield tag="260" ind1=" " ind2=" ">
   <subfield code="a">H.</subfield>
   <subfield code="b">Lao động Xã hội </subfield>
   <subfield code="c">2011</subfield>
  </datafield>
  <datafield tag="300" ind1=" " ind2=" ">
   <subfield code="a">266 tr. </subfield>
   <subfield code="b">bảng </subfield>
   <subfield code="c">24 cm</subfield>
  </datafield>
  <datafield tag="520" ind1="3" ind2=" ">
   <subfield code="a">Nội dung tài liệu trình bày những vấn đề về bất động sản và hoạch định nghề nghiệp, thị trường bất động sản và khung pháp lý; xu hướng phát triển của thị trường bất động sản và vai trò của nhà nước; Giới thiệu về đầu tư bất động sản và tài trợ, chấp bất động sản...</subfield>
  </datafield>
  <datafield tag="942" ind1=" " ind2=" ">
   <subfield code="2">ddc</subfield>
   <subfield code="c">BK</subfield>
  </datafield>
  <datafield tag="952" ind1=" " ind2=" ">
   <subfield code="0">0</subfield>
   <subfield code="1">0</subfield>
   <subfield code="2">ddc</subfield>
   <subfield code="4">0</subfield>
   <subfield code="6">332_630000000000000_KH103</subfield>
   <subfield code="7">0</subfield>
   <subfield code="9">319</subfield>
   <subfield code="a">000001</subfield>
   <subfield code="b">000001</subfield>
   <subfield code="d">2017-10-04</subfield>
   <subfield code="o">332.63  Kh103</subfield>
   <subfield code="p">MD.00551</subfield>
   <subfield code="r">2017-10-04</subfield>
   <subfield code="v">68000.00</subfield>
   <subfield code="w">2017-10-04</subfield>
   <subfield code="y">BK</subfield>
  </datafield>
  <datafield tag="952" ind1=" " ind2=" ">
   <subfield code="0">0</subfield>
   <subfield code="1">0</subfield>
   <subfield code="2">ddc</subfield>
   <subfield code="4">0</subfield>
   <subfield code="6">332_630000000000000_KH103</subfield>
   <subfield code="7">0</subfield>
   <subfield code="9">320</subfield>
   <subfield code="a">000001</subfield>
   <subfield code="b">000001</subfield>
   <subfield code="d">2017-10-04</subfield>
   <subfield code="o">332.63  Kh103</subfield>
   <subfield code="p">MD.00552</subfield>
   <subfield code="r">2017-10-04</subfield>
   <subfield code="v">68000.00</subfield>
   <subfield code="w">2017-10-04</subfield>
   <subfield code="y">BK</subfield>
  </datafield>
  <datafield tag="952" ind1=" " ind2=" ">
   <subfield code="0">0</subfield>
   <subfield code="1">0</subfield>
   <subfield code="2">ddc</subfield>
   <subfield code="4">0</subfield>
   <subfield code="6">332_630000000000000_KH103</subfield>
   <subfield code="7">0</subfield>
   <subfield code="9">321</subfield>
   <subfield code="a">000001</subfield>
   <subfield code="b">000001</subfield>
   <subfield code="d">2017-10-04</subfield>
   <subfield code="o">332.63  Kh103</subfield>
   <subfield code="p">MD.00553</subfield>
   <subfield code="r">2017-10-04</subfield>
   <subfield code="v">68000.00</subfield>
   <subfield code="w">2017-10-04</subfield>
   <subfield code="y">BK</subfield>
  </datafield>
  <datafield tag="952" ind1=" " ind2=" ">
   <subfield code="0">0</subfield>
   <subfield code="1">0</subfield>
   <subfield code="2">ddc</subfield>
   <subfield code="4">0</subfield>
   <subfield code="6">332_630000000000000_KH103</subfield>
   <subfield code="7">0</subfield>
   <subfield code="9">322</subfield>
   <subfield code="a">000001</subfield>
   <subfield code="b">000001</subfield>
   <subfield code="d">2017-10-04</subfield>
   <subfield code="o">332.63  Kh103</subfield>
   <subfield code="p">MD.00554</subfield>
   <subfield code="r">2017-10-04</subfield>
   <subfield code="v">68000.00</subfield>
   <subfield code="w">2017-10-04</subfield>
   <subfield code="y">BK</subfield>
  </datafield>
  <datafield tag="952" ind1=" " ind2=" ">
   <subfield code="0">0</subfield>
   <subfield code="1">0</subfield>
   <subfield code="2">ddc</subfield>
   <subfield code="4">0</subfield>
   <subfield code="6">332_630000000000000_KH103</subfield>
   <subfield code="7">0</subfield>
   <subfield code="9">323</subfield>
   <subfield code="a">000001</subfield>
   <subfield code="b">000001</subfield>
   <subfield code="d">2017-10-04</subfield>
   <subfield code="o">332.63  Kh103</subfield>
   <subfield code="p">MD.00555</subfield>
   <subfield code="r">2017-10-04</subfield>
   <subfield code="v">68000.00</subfield>
   <subfield code="w">2017-10-04</subfield>
   <subfield code="y">BK</subfield>
  </datafield>
  <datafield tag="952" ind1=" " ind2=" ">
   <subfield code="0">0</subfield>
   <subfield code="1">0</subfield>
   <subfield code="2">ddc</subfield>
   <subfield code="4">0</subfield>
   <subfield code="6">332_630000000000000_KH103</subfield>
   <subfield code="7">0</subfield>
   <subfield code="9">324</subfield>
   <subfield code="a">000001</subfield>
   <subfield code="b">000001</subfield>
   <subfield code="d">2017-10-04</subfield>
   <subfield code="l">1</subfield>
   <subfield code="o">332.63  Kh103</subfield>
   <subfield code="p">MD.00556</subfield>
   <subfield code="r">2021-05-07</subfield>
   <subfield code="s">2021-04-22</subfield>
   <subfield code="v">68000.00</subfield>
   <subfield code="w">2017-10-04</subfield>
   <subfield code="y">BK</subfield>
  </datafield>
  <datafield tag="952" ind1=" " ind2=" ">
   <subfield code="0">0</subfield>
   <subfield code="1">0</subfield>
   <subfield code="2">ddc</subfield>
   <subfield code="4">0</subfield>
   <subfield code="6">332_630000000000000_KH103</subfield>
   <subfield code="7">0</subfield>
   <subfield code="9">325</subfield>
   <subfield code="a">000001</subfield>
   <subfield code="b">000001</subfield>
   <subfield code="d">2017-10-04</subfield>
   <subfield code="o">332.63  Kh103</subfield>
   <subfield code="p">MD.00557</subfield>
   <subfield code="r">2017-10-04</subfield>
   <subfield code="v">68000.00</subfield>
   <subfield code="w">2017-10-04</subfield>
   <subfield code="y">BK</subfield>
  </datafield>
  <datafield tag="952" ind1=" " ind2=" ">
   <subfield code="0">0</subfield>
   <subfield code="1">0</subfield>
   <subfield code="2">ddc</subfield>
   <subfield code="4">0</subfield>
   <subfield code="6">332_630000000000000_KH103</subfield>
   <subfield code="7">0</subfield>
   <subfield code="9">326</subfield>
   <subfield code="a">000001</subfield>
   <subfield code="b">000001</subfield>
   <subfield code="d">2017-10-04</subfield>
   <subfield code="l">1</subfield>
   <subfield code="o">332.63  Kh103</subfield>
   <subfield code="p">MD.00558</subfield>
   <subfield code="r">2019-03-25</subfield>
   <subfield code="s">2019-03-14</subfield>
   <subfield code="v">68000.00</subfield>
   <subfield code="w">2017-10-04</subfield>
   <subfield code="y">BK</subfield>
  </datafield>
  <datafield tag="952" ind1=" " ind2=" ">
   <subfield code="0">0</subfield>
   <subfield code="1">0</subfield>
   <subfield code="2">ddc</subfield>
   <subfield code="4">0</subfield>
   <subfield code="6">332_630000000000000_KH103</subfield>
   <subfield code="7">0</subfield>
   <subfield code="9">327</subfield>
   <subfield code="a">000001</subfield>
   <subfield code="b">000001</subfield>
   <subfield code="d">2017-10-04</subfield>
   <subfield code="l">1</subfield>
   <subfield code="o">332.63  Kh103</subfield>
   <subfield code="p">MD.00559</subfield>
   <subfield code="r">2020-08-12</subfield>
   <subfield code="s">2020-06-18</subfield>
   <subfield code="v">68000.00</subfield>
   <subfield code="w">2017-10-04</subfield>
   <subfield code="y">BK</subfield>
  </datafield>
  <datafield tag="952" ind1=" " ind2=" ">
   <subfield code="0">0</subfield>
   <subfield code="1">0</subfield>
   <subfield code="2">ddc</subfield>
   <subfield code="4">0</subfield>
   <subfield code="6">332_630000000000000_KH103</subfield>
   <subfield code="7">0</subfield>
   <subfield code="9">328</subfield>
   <subfield code="a">000001</subfield>
   <subfield code="b">000001</subfield>
   <subfield code="d">2017-10-04</subfield>
   <subfield code="o">332.63  Kh103</subfield>
   <subfield code="p">MD.00560</subfield>
   <subfield code="r">2020-03-17</subfield>
   <subfield code="v">68000.00</subfield>
   <subfield code="w">2017-10-04</subfield>
   <subfield code="y">BK</subfield>
  </datafield>
  <datafield tag="980" ind1=" " ind2=" ">
   <subfield code="a">Thư viện Trường Đại học Nam Cần Thơ</subfield>
  </datafield>
 </record>
</collection>
